Max Verstappen Victory Tracks - Statistics

General Stats
  • This quiz has been taken 24 times
  • The average score is 13 of 18
Answers on the Grid
Answers color-coded by a green-red scale on the quiz's grid according to % correct below.
Shanghai
Silverstone
Singapore
Hockenheim
Le Mans
Sao Paulo
Istandbul
Baku
Spa
Spielberg
India
Indianapolis
Melbourne
Suzuka
Zandvoort
Monaco
Yeongam
Montreal
Austin
Malaysia
Valencia
Barcelona
Madrid
Las Vegas
Saudi Arabia
San Francisco
Barhein
South Africa
 
Answer Stats
Answer % Correct
Silverstone
100%
Barcelona
80%
Monaco
80%
Zandvoort
80%
Las Vegas
73%
Melbourne
73%
Montreal
73%
Sao Paulo
73%
Spa
73%
Suzuka
73%
Austin
67%
Baku
67%
Barhein
67%
Malaysia
67%
Saudi Arabia
67%
Shanghai
67%
Spielberg
60%
Hockenheim
47%
No matching quizzes found
Score Distribution
Percent of People with Each Score
Percentile by Number Answered
Your Score History
You have not taken this quiz